000 01142nam a2200265 a 4500
001 BRCA_1445
005 20190320203430.0
008 020523s2001 mx-a---##b---#000-0#spa-d
020 _a968553800X
041 _aspa
044 _amx
050 4 _aN8070
_b.D58 2001
245 1 0 _aEl divino pintor
_bla creación de María de Guadalupe en el taller celestial.
260 _aMéxico
_bMuseo de la Basílica de Guadalupe
_c2001
300 _a267 p.
_bil. a color
_c27 cm.
500 _aCatálogo de la exposición realizada en el Museo de la Basílica de Guadalupe (Ciudad de México), diciembre 2001 - abril 2002 ; Museo de Historia Mexicana (Monterrey, México), mayo-julio, 2002
500 _aIncluye piezas de la colección Franz Mayer: p. 86
500 _aEstado físico: encuadernado, febrero 2014
504 _aBibliografía: p. 239-247
600 1 4 _aMary
_cVirgen bendecida, Santo
_vExposiciones
_xArte
_94732
650 1 4 _aGuadalupe, nuestra señora de
_vExposiciones
_xArte
_94733
650 1 4 _aArte cristiano y simbolismo
_vExposiciones
_zMéxico
_92120
650 1 4 _aPintura mexicana
_vExposiciones
_zMéxico
_94734
942 _2lcc
_cB
999 _c1307
_d1307